000 00659cam a22002171 4500
001 sa 66007753
003 DLC
005 20260227112307.0
008 890803s1962 pk b 000 0 perr
010 _asa 66007753
035 _a(OCoLC)20124179
040 _aDLC
_cCU
_dCU
_dOCoLC
_dDLC
042 _apremarc
050 0 0 _aPK6408
_b.S37
100 1 _aSarwar, Ghulam.
245 1 0 _aTārīkh-i Zabān-i Fārsī,
_bqismat-i nas̲r.
_ctaʻlīf-i Ghulām Sawar.
260 _aKarāchī,
_bMaktabih-ʼi Khurshīd-i Dirakhshān,
_c1962.
300 _a264 p.
_c22 cm.
504 _aBibliography: p. 257-263.
650 0 _aPersian literature
_xHistory and criticism.
999 _c71387
_d71387